000 00605nam a2200241Ia 4500
003 OSt
005 20221005132940.0
006 a|||||r|||| 00| 0
007 ta
008 221004b |||||||| |||| 00| 0 tam d
024 _a47999
037 _cTextual
040 _aCRL
_cCRL
_btam
041 _2tam
_atam
082 _aO31,1:g, K5
100 _aRamanathanchettiar Au.
_9636524
245 0 _aVazhkkai valam
260 _c1965
650 _a TAMIL POETRY
650 _aTAMIL LITERATURE
942 _hO31,1:g, K5
_cTEXL
_2cc
999 _c1065267
_d1065267